Wszystkie przystanki autobusowe w Czeladzi - Statystyki

Ogólne statystyki
  • Ten quiz został rozwiązany 43 razy
  • Średni wynik to 20 z 32
Statystyki odpowiedzi
Przystanki % Poprawnych
Piaski Centrum Handlowe
88%
Czeladź Cmentarz
84%
Piaski Skrzyżowanie
78%
Czeladź Dworzec
72%
Czeladź Rynek
72%
Czeladź Szpital
72%
Czeladź Urząd Miasta
72%
Czeladź Zespół Szkół
72%
Czeladź Stare Miasto
69%
Czeladź Grodziecka
66%
Czeladź Osiedle Słoneczne
66%
Czeladź Park
66%
Piaski Osiedle Dziekana
66%
Piaski Wiejska
66%
Czeladź Józefów
63%
Czeladź Tuwima
63%
Czeladź Legionów
59%
Czeladź Reymonta
59%
Piaski Handlowa
59%
Czeladź Kopalnia Saturn
56%
Czeladź Policja
56%
Czeladź Staszica
56%
Czeladź Strefa Ekonomiczna
56%
Piaski Szybikowa
56%
Piaski Żeromskiego
56%
Czeladź Muzeum
53%
Czeladź Wylewy
53%
Piaski Kościuszki
53%
Czeladź Osiedle Borowa
50%
Czeladź Cmentarz Komunalny
44%
Piaski Poniatowskiego
41%
Czeladź Wojkowice Pętla
25%
Nie znaleziono quizów pasujących do podanych kryteriów
Rozkład punktacji
Procent ludzi z każdym wynikiem
Percentyl według liczby udzielonych odpowiedzi
Twoja historia wyników
Nie rozwiązałeś tego quizu